000 00389nam a2200145Ia 4500
008 230917s9999||||xx |||||||||||||| ||und||
040 _e182674
_aMAIN
041 _aEnglish
082 _a822.33 S15H
100 _aFoster, Brett, ed.
245 0 _aHarold Bloom's Shakespeare through the ages: The sonnets
260 _aNew Delhi
_bViva Books
_c2010
300 _axi, 388 p.
942 _cBK
999 _c151254
_d151254